| 000 | 00443nam a2200157 i 4500 | ||
|---|---|---|---|
| 001 | 35457 | ||
| 003 | ES-MaACL | ||
| 005 | 20230906155130.0 | ||
| 007 | t| | ||
| 008 | 030213s1970 sp ||||1| spa d | ||
| 100 | 1 |
_aBoselli, Giovanni Hugo. _930686 |
|
| 245 | 1 | 0 |
_aVenas varicosas y varices... / _cJuan Hugo Boselli. |
| 260 |
_aBarcelona : _bDe Vecchi, _c[1970] |
||
| 300 |
_a171 p., 8 lám. ; _c19 cm. |
||
| 852 |
_aES-MaACL _jC-51138 _bR.74733 |
||
| 999 |
_c35457 _d35457 |
||